Cinéma commençant par la lettre I - Statistiques

Statistiques générales
  • Ce quiz a été pris 1 071 fois
  • Le résultat moyen est 5 sur 12
Statistiques - réponses
Hint Réponse % Correct
Célèbre archéologue de fiction, aventurier à ses heures perdues Indiana Jones
100%
Film de science-fiction de 2010 avec une fameuse toupie Inception
88%
Personnage principal du Marvel Cinematic Universe pendant 11 ans Iron Man
84%
Film du même réalisateur, se reposant sur la dilatation du temps Interstellar
69%
Format de pellicule pouvant exposer des images de résolution optimale IMAX
37%
Saga d'horreur débutée en 2011, sur des démons et mondes parallèles Insidious
34%
Vainqueur de l'Oscar du meilleur film en 2015 pour Birdman Alejandro González Iñárritu
32%
Film de 2002 ayant fait scandale à Cannes pour son contenu subversif Irréversible
32%
Gros plan sur un objet pour focaliser l'attention du spectateur dessus Insert
20%
Chanteur folk chez les Coen, pilote de la résistance pour Lucasfilm Oscar Isaac
19%
Interprète d'Alfred Pennyworth pour l'univers cinématographique DC Jeremy Irons
12%
Réalisateur américain, éternel collaborateur d'Ismail Merchant James Ivory
4%
Aucun quiz correspondant
Distribution des résultats
% des personnes avec chaque résultat
Percentile par nombre de réponses
Votre historique - résultats
Vous n’avez pas pris ce quiz